00785cam a22002291 4500001001300000003000400013005001700017008004100034010001700075035001900092040001700111042001200128050002400140082001100164110003200175245014500207260001900352300001800371490004700389650004500436810007400481l 50000006 DLC20260227111541.0760303s1949 sz 000 0 eng  al 50000006  a(OCoLC)2028327 aDLCcLUdDLC apremarc00aHD7801b.I67 no. 17 a339.422 aInternational Labour Office00aMethods of family living studies.bReport prepared for the seventh International Conference of Labour Statisticians, Geneva, September 1949. aGeneva,c1949. a63 p.c24 cm.1 aIts Studies and reports, new ser.,vno. 17 0aCost and standard of livingvStatistics.2 aInternational Labour Office.tStudies and reports, new ser.,vno. 17.